Physics and combinatorics 1999 (Record no. 14250)
[ view plain ]
| 000 -LEADER | |
|---|---|
| fixed length control field | 01590nam a2200349Ia 4500 |
| 245 10 - TITLE STATEMENT | |
| Title | Physics and combinatorics 1999 |
| 260 ## - PUBLICATION, DISTRIBUTION, ETC. (IMPRINT) | |
| Place of publication | Singapore ; |
| -- | River Edge, NJ : |
| Name of publisher | World Scientific, |
| Year of publication | c2001. |
| 300 ## - PHYSICAL DESCRIPTION | |
| Number of Pages | viii, 398 p. : |
| Other physical details | ill. |
| 500 ## - GENERAL NOTE | |
| General note | Held August 23-27, 1999. |
| 650 #0 - SUBJECT ADDED ENTRY--TOPICAL TERM | |
| Topical Term | Combinatorial analysis |
| Topical Term | Mathematical physics |
| Topical Term | Statistical physics |
| 700 1# - ADDED ENTRY--PERSONAL NAME | |
| Personal name | Kirillov, Anatol N. |
| Personal name | Tsuchiya, A. |
| Personal name | Umemura, Hiroshi, |
| 856 40 - ELECTRONIC LOCATION AND ACCESS | |
| Uniform Resource Identifier | http://site.ebrary.com/lib/rucke/Doc?id=10255487 |
No items available.
